|
|
|
|
| LEADER |
00000nam1a2200000 4500 |
| 001 |
126054 |
| 005 |
20231031131716.0 |
| 035 |
|
|
|a (RuTPU)RU\TPU\book\136377
|
| 090 |
|
|
|a 126054
|
| 100 |
|
|
|a 20071123d1980 m y0rusy50 ca
|
| 101 |
1 |
|
|a rus
|
| 102 |
|
|
|a RU
|
| 200 |
1 |
|
|a Полезные ископаемые Австралии и Папуа Новой Гвинеи
|e пер. с англ.
|e в 2 т.
|f под ред. К. Найта
|
| 210 |
|
|
|a Москва
|c Мир
|d 1980
|
| 225 |
1 |
|
|a Науки о Земле. Фундаментальные труды зарубежных ученых по геологии, геофизике и геохимии
|
| 702 |
|
1 |
|a Найт
|b К.
|4 340
|
| 801 |
|
1 |
|a RU
|b 63413507
|c 20071123
|g PSBO
|
| 801 |
|
2 |
|a RU
|b 63413507
|c 20210408
|g PSBO
|
| 942 |
|
|
|c BK
|